<?xml version="1.0" encoding="UTF-8"?>
<record
    xmlns:xsi="http://www.w3.org/2001/XMLSchema-instance"
    xsi:schemaLocation="http://www.loc.gov/MARC21/slim http://www.loc.gov/standards/marcxml/schema/MARC21slim.xsd"
    xmlns="http://www.loc.gov/MARC21/slim">

  <leader>00790nam a22002537a 4500</leader>
  <controlfield tag="003">DO-SdBNP</controlfield>
  <controlfield tag="005">20250617125047.0</controlfield>
  <controlfield tag="008">201015b1999 sp 00| 0 eng d</controlfield>
  <datafield tag="040" ind1=" " ind2=" ">
    <subfield code="a">DO-SdBNP</subfield>
    <subfield code="b">spa</subfield>
    <subfield code="c">BNPHU</subfield>
  </datafield>
  <datafield tag="082" ind1=" " ind2=" ">
    <subfield code="2"> </subfield>
    <subfield code="a">xx</subfield>
    <subfield code="b">G216c</subfield>
  </datafield>
  <datafield tag="100" ind1="1" ind2=" ">
    <subfield code="a">Garc&#xED;a Ruiz, J. Luiz</subfield>
    <subfield code="9">76904</subfield>
  </datafield>
  <datafield tag="245" ind1="1" ind2="3">
    <subfield code="a">El  consejo econ&#xF3;mico y social  ; G&#xE9;nesis constituyente y parlamentaria /</subfield>
    <subfield code="c">J.Luis Garc&#xED;a Ruiz </subfield>
  </datafield>
  <datafield tag="246" ind1="1" ind2="3">
    <subfield code="a">G&#xE9;nesis constituyente y parlamentaria </subfield>
  </datafield>
  <datafield tag="250" ind1=" " ind2=" ">
    <subfield code="a">3a. ed. </subfield>
  </datafield>
  <datafield tag="260" ind1=" " ind2=" ">
    <subfield code="a">Madrid :</subfield>
    <subfield code="b">Consejo Economico y Social </subfield>
    <subfield code="c">1999</subfield>
  </datafield>
  <datafield tag="300" ind1=" " ind2=" ">
    <subfield code="a">179 p. </subfield>
    <subfield code="c">24 cm. </subfield>
  </datafield>
  <datafield tag="490" ind1=" " ind2=" ">
    <subfield code="a">Estudio </subfield>
    <subfield code="v">6</subfield>
  </datafield>
  <datafield tag="504" ind1=" " ind2=" ">
    <subfield code="a">Bibliograf&#xED;a : p. 170-174</subfield>
  </datafield>
  <datafield tag="590" ind1=" " ind2=" ">
    <subfield code="a">Inventariado.2020/VM</subfield>
  </datafield>
  <datafield tag="740" ind1="1" ind2="4">
    <subfield code="a">G&#xE9;nesis constituyente y parlamentaria </subfield>
  </datafield>
  <datafield tag="830" ind1=" " ind2=" ">
    <subfield code="a">Estudio</subfield>
    <subfield code="n">6</subfield>
    <subfield code="9">53868</subfield>
  </datafield>
  <datafield tag="942" ind1=" " ind2=" ">
    <subfield code="2">ddc</subfield>
    <subfield code="c">LBS1</subfield>
  </datafield>
  <datafield tag="952" ind1=" " ind2=" ">
    <subfield code="0">0</subfield>
    <subfield code="1">0</subfield>
    <subfield code="2">ddc</subfield>
    <subfield code="7">5</subfield>
    <subfield code="a">BNPHU</subfield>
    <subfield code="b">GR</subfield>
    <subfield code="d">2020-10-15</subfield>
    <subfield code="e">Copardom</subfield>
    <subfield code="l">0</subfield>
    <subfield code="o">xx G216c</subfield>
    <subfield code="p">2020-0160</subfield>
    <subfield code="r">2020-10-15</subfield>
    <subfield code="w">2020-10-15</subfield>
    <subfield code="y">LBS1</subfield>
  </datafield>
  <datafield tag="952" ind1=" " ind2=" ">
    <subfield code="0">0</subfield>
    <subfield code="1">0</subfield>
    <subfield code="2">ddc</subfield>
    <subfield code="7">5</subfield>
    <subfield code="a">BNPHU</subfield>
    <subfield code="b">GR</subfield>
    <subfield code="d">2020-10-15</subfield>
    <subfield code="e">Copardom</subfield>
    <subfield code="l">0</subfield>
    <subfield code="o">xx G216c</subfield>
    <subfield code="p">2020-0161</subfield>
    <subfield code="r">2020-10-15</subfield>
    <subfield code="t">e.2</subfield>
    <subfield code="w">2020-10-15</subfield>
    <subfield code="y">LBS1</subfield>
  </datafield>
  <datafield tag="956" ind1=" " ind2=" ">
    <subfield code="a">VMateo</subfield>
  </datafield>
  <datafield tag="999" ind1=" " ind2=" ">
    <subfield code="c">48889</subfield>
    <subfield code="d">48889</subfield>
  </datafield>
</record>
